Colloid & capillary chemistry /

Bibliographic Details
Main Author: Freundlich, Herbert, 1880-1941
Other Authors: Hatfield, H. (Henry)
Format: Book
Language:English
German
Published: London : Methuen & co. ltd., [1926]
Subjects:

MARC

Tag First Indicator Second Indicator Subfields
LEADER 00000cam a2200000 4500
001 in00000040592
005 20151007074515.0
008 761007s1926 enkaf b 00010 eng
010 |a  26015353  
035 |a (OCoLC)02486966 
035 |9 AAF1626AM 
040 |a DLC  |c YDM  |d TXA  |d UtOrBLW 
041 1 |a eng  |a ger 
049 |a TXAM  |c [110935] 
050 0 0 |a QD543  |b .F72 
092 |a 541.3452  |b F889c 
100 1 |a Freundlich, Herbert,  |d 1880-1941. 
245 1 0 |a Colloid & capillary chemistry /  |c by Herbert Freundlich ... translated from the third German edition, by J. Stafford Hatfield ... with 157 diagrams. 
264 1 |a London :  |b Methuen & co. ltd.,  |c [1926] 
300 |a xv, 883 pages, 1 unnumbered page :  |b illustrations, VII plate, diagrams ;  |c 26 cm. 
336 |a text  |b txt  |2 rdacontent 
337 |a unmediated  |b n  |2 rdamedia 
338 |a volume  |b nc  |2 rdacarrier 
504 |a Bibliographical foot-notes. 
650 0 |a Capillarity. 
650 0 |a Colloids. 
700 1 |a Hatfield, H.  |q (Henry) 
999 |a MARS 
999 f f |s 9f8315b0-d36b-32f1-bbb8-3a47610e7442  |i ae5e75a2-e472-32cf-a6bd-9186d97ea073  |t 0 
952 f f |p ric  |a Texas A&M University  |b Rellis Campus  |c Joint Library Facility  |d Remote Storage  |t 0  |e QD543 .F72  |h Library of Congress classification  |i unmediated -- volume  |m A14800936347 
998 f f |a QD543 .F72  |t 0  |l Remote Storage